| 000 | 00640nam a2200217 b 4500 | ||
|---|---|---|---|
| 003 | OSt | ||
| 005 | 20151012163947.0 | ||
| 008 | 981202s1997 sp | ||| ||spa | ||
| 020 | _a84-96246-37-X | ||
| 040 | _cBMC | ||
| 082 | _a808.06842 | ||
| 100 | 1 |
_aLondon, Jack _d1876-1916 _9565 |
|
| 245 | 1 | 3 |
_aLa llamada de lo salvaje _cJack London ; traducción, M. I. Villarino |
| 260 |
_aBarcelona _bEl país _c2002 |
||
| 300 |
_a146 p. _c20 cm |
||
| 490 |
_aAventuras _v28 |
||
| 595 | _aTraductor: The call of the wild : finis | ||
| 650 | 2 | 4 |
_929437 _aCuentos ingleses |
| 700 | 1 |
_930778 _aVillarino, M. I. |
|
| 942 |
_2ddc _cBK _hprozim |
||
| 999 |
_c22901 _d22901 |
||